Pokemon Uranium Pokedex - Statistics

General Stats
  • This quiz has been taken 52 times
  • The average score is 62 of 200
Answer Stats
Dex # Type Pokémon % Correct
129 Normal Eevee
68%
132 Fire Flareon
68%
135 Grass Leafeon
64%
003 Fire-Ground Raptorch
64%
130 Water Vaporeon
64%
009 Normal-Flying Birbie
59%
131 Electric Jolteon
59%
002 Grass-Steel Metalynx
59%
138 Nuclear Nucleon
59%
134 Dark Umbreon
59%
004 Fire-Ground Archilles
55%
133 Psychic Espeon
55%
136 Ice Glaceon
55%
032 Fighting Mankey
55%
137 Fairy Sylveon
55%
015 Steel-Rock Barewl
50%
022 Normal Dunsparce
50%
006 Water-Electric Electruxo
50%
028 Water-Flying Gyarados
50%
027 Water Magikarp
50%
001 Grass-Steel Orchynx
50%
033 Fighting Primeape
50%
045 Poison Arbok
45%
007 Normal Chyinmunk
45%
012 Bug Cubbug
45%
044 Poison Ekans
45%
017 Steel Gararewl
45%
171 Nuclear Hazma
45%
011 Normal-Flying Splendifowl
45%
019 Ground-Dragon Terlard
45%
020 Poison Tonemy
45%
168 Nuclear Xenomite
45%
144 Ghost-Fire Antarki
41%
187 Fire-Dark Devimp
41%
023 Dragon-Flying Dunseraph
41%
005 Water-Electric Eletux
41%
069 Dark-Poison Minyan
41%
014 Bug-Fairy Nimflora
41%
170 Nuclear Xenoqueen
41%
196 Dark-Steel Actan
36%
010 Normal-Flying Aveden
36%
042 Water-Psychic Brailip
36%
043 Water-Psychic Brainoar
36%
034 Fighting Empirilla
36%
087 Ground-Water Escartress
36%
036 Normal-Flying Eshouten
36%
031 Normal Feliger
36%
154 Bug-Ice Frosthra
36%
153 Bug-Ice Frosulo
36%
191 Grass-Fighting Garlikid
36%
172 Bug-Nuclear Geigeroach
36%
075 Ground-Flying Gligar
36%
076 Ground-Flying Gliscor
36%
167 Poison-Electric Haagross
36%
068 Ground-Fighting Herolune
36%
008 Normal-Electric Kinetmunk
36%
159 Fire-Dragon Lavent
36%
067 Ground-Fighting Lunapup
36%
178 Dragon-Fairy Luxelong
36%
162 Ghost-Fighting Navighast
36%
157 Water-Fire Shrimputy
36%
021 Poison Tofurang
36%
184 Electric-Flying Volchik
36%
150 Ice-Fairy Alpico
32%
189 Fire-Dark Beliaddon
32%
085 Ground-Water Cassnail
32%
080 Grass-Ground Cocancer
32%
078 Grass-Ground Cocaran
32%
013 Bug-Fairy Cubblfly
32%
016 Steel-Rock Dearewl
32%
030 Normal Felunge
32%
025 Water-Poison Folerog
32%
024 Water-Poison Fortog
32%
018 Ground Grozard
32%
183 Ground Laissure
32%
195 Ground-Steel Lanthan
32%
038 Water-Grass Lombre
32%
037 Water-Grass Lotad
32%
039 Water-Grass Ludicolo
32%
177 Dragon-Fairy Luxor
32%
165 Fighting-Rock Majungold
32%
035 Normal-Flying Owten
32%
100 Normal-Psychic Paraboom
32%
097 Psychic-Steel S51
32%
098 Psychic-Steel S51-A
32%
077 Dark-Ghost Sableye
32%
119 Water-Steel Saidine
32%
047 Dark-Normal Tanscure
32%
105 Grass Tikiki
32%
117 Ice Titanice
32%
197 Nuclear Urayne
32%
070 Dark-Poison Vilucard
32%
059 Electric Ampharos
27%
151 Ice-Ground Anderind
27%
060 Dark-Fighting Baashaun
27%
079 Grass-Ground Cararalm
27%
148 Ghost-Dark Chainite
27%
152 Bug-Ice Colarva
27%
054 Rock Comite
27%
090 Grass-Fairy Cottonee
27%
120 Water-Steel Daikatuna
27%
029 Normal Feleng
27%
041 Bug-Fire Firoke
27%
058 Electric Flaaffy
27%
101 Fire Flager
27%
095 Water-Ice Glaslug
27%
096 Water-Ice Glavinug
27%
102 Fire Inflagetah
27%
053 Electric-Ground Jerbolta
27%
174 Fairy-Normal Kiricorn
27%
194 Water-Dark Krakanao
27%
158 Water-Fire Krilvolver
27%
176 Dragon-Fairy Luxi
27%
057 Electric Mareep
27%
173 Fairy-Normal Minicorn
27%
180 Psychic-Electric Neopunk
27%
175 Fairy-Dark Oblivicorn
27%
050 Fire-Flying Pahar
27%
179 Psychic-Electric Praseopunk
27%
181 Ground Sheebit
27%
161 Ghost-Fighting Skelerogue
27%
049 Bug-Water Sponaree
27%
048 Bug Sponee
27%
160 Ghost-Fighting Swabone
27%
046 Dark-Normal Tancoon
27%
084 Water-Dark Tubareel
27%
083 Water-Dark Tubjaw
27%
091 Grass-Fairy Whimsicott
27%
169 Nuclear Xenogen
27%
186 Electric-Dragon Yatagaryu
27%
200 Electric-Ice Zephy
27%
198 Flying-Fire Aotius
23%
062 Dark-Fighting Baariette
23%
192 Water-Fire Baitatao
23%
094 Dragon Barand
23%
026 Water-Poison Blubelrog
23%
071 Water Buizel
23%
111 Grass-Dragon Coatlith
23%
055 Rock-Psychic Cometeor
23%
081 Water-Rock Corsola
23%
082 Water-Rock Corsoreef
23%
143 Psychic-Ghost Dramsama
23%
074 Ground-Dark Drilgann
23%
156 Ice-Dragon Fafninter
23%
155 Ice-Dragon Fafurr
23%
106 Grass-Fire Frikitiki
23%
118 Water-Steel Frynai
23%
089 Grass-Electric Gellin
23%
166 Poison-Electric Hagoop
23%
064 Bug-Electric Harylect
23%
126 Fairy-Fighting Jackdeary
23%
193 Water-Ice Leviathao
23%
147 Ghost Linkite
23%
092 Ghost Misdreavus
23%
093 Ghost Mismagius
23%
073 Ground-Dark Modrille
23%
199 Ghost-Water Mutios
23%
052 Fire-Flying Pajay
23%
099 Normal-Psychic Paraudio
23%
149 Ice-Fairy Pufluff
23%
110 Grass-Flying Quetzoral
23%
140 Dark Raffiti
23%
086 Ground-Water Sableau
23%
115 Electric-Rock Slothohm
23%
040 Bug Smore
23%
163 Electric Stenowatt
23%
182 Ground Terrabbit
23%
116 Electric-Rock Theriamp
23%
112 Dragon-Steel Tracton
23%
185 Electric-Flying Voltasu
23%
127 Fairy-Fighting Winotinger
23%
124 Fairy Aromatisse
18%
061 Dark-Fighting Baaschaf
18%
109 Grass Chicoatl
18%
104 Fire-Poison Chimaconda
18%
103 Fire-Poison Chimical
18%
145 Poison Chupacho
18%
114 Ice-Rock Dermafrost
18%
188 Fire-Dark Fallengel
18%
072 Water Floatzel
18%
141 Rock Gargryph
18%
164 Fighting-Rock Jungore
18%
125 Fairy-Poison Miasmedic
18%
088 Grass-Electric Nupin
18%
051 Fire-Flying Palij
18%
139 Dark Ratsy
18%
190 Bug-Normal Seikameter
18%
113 Ice-Rock Snopach
18%
123 Fairy Spritzee
18%
122 Water-Fairy Syrentide
18%
066 Poison-Psychic Trawpint
18%
063 Bug Tricwe
18%
056 Rock-Psychic Astronite
14%
065 Poison-Psychic Costraw
14%
108 Bug-Flying Harptera
14%
142 Psychic Masking
14%
121 Water-Fairy Selkid
14%
107 Bug Unymph
14%
128 Normal Dublicat
0%
146 Poison-Fighting Luchabara
0%
No matching quizzes found
Score Distribution
Percent of People with Each Score
Percentile by Number Answered
Your Score History
You have not taken this quiz